Geography quiz #3 - Statistics

General Stats
  • This quiz has been taken 76 times
    72 since last reset
  • The average score is 14 of 20
Answer Stats
Hint Answer % Correct
Which European country is known for its fjords and is the homeland of the Vikings? Norway
95%
In which city is the Colosseum located? Rome
95%
Which ocean is between North America and Africa? Atlantic
90%
What is the capital of Afghanistan? Kabul
87%
In which country is the Pyramid of Giza located? Egypt
85%
What is the highest point on Earth? Mount Everest
82%
What country is home to the tallest mountain in the world, Mount Everest? Nepal
82%
In which city is the Burj Khalifa located? Dubai
79%
How many countries are there in the world?
195
74%
In which city would you find the the statue, Christ the Redeemer Rio de Janeiro
74%
What is the state capital of New York? Albany
67%
In which sea is Barbados located? Caribbean
66%
Which country has the most islands. Sweden
56%
How many countries are in North America? 23
54%
What is the southernmost city in Africa? Cape Town
54%
Which country in the European Union has the biggest population? Germany
49%
Kuala Lumpur is the capital city of which country? Malaysia
48%
How many countries border Kyrgyzstan? 4
46%
What is the name of the smallest country in South America? Suriname
41%
What is the capital of Suriname? Paramaribo
30%
No matching quizzes found
Score Distribution
Percent of People with Each Score
Percentile by Number Answered
Your Score History
You have not taken this quiz since the last reset